[Event "N�_LL 2008/09"]
[Site "?"]
[Date "2009.02.01"]
[Round "9"]
[White "Lovrinovic, Christian"]
[Black "Wolfram, Bernd"]
[Result "1/2-1/2"]
[WhiteElo "2178"]
[BlackElo "2180"]
[Annotator "B�hlerwerk : Niederabsdorf"]
[PlyCount "25"]
[EventDate "2008.11.10"]
[SourceDate "2009.02.15"]

1. d4 Nf6 2. c4 g6 3. Nf3 Bg7 4. Nc3 O-O 5. e4 d6 6. Be2 e5 7. dxe5 dxe5 8.
Qxd8 Rxd8 9. Bg5 Re8 10. O-O-O c6 11. Kb1 h6 12. Bc1 Na6 13. h3 1/2-1/2

[Event "N�_LL 2008/09"]
[Site "?"]
[Date "2009.02.01"]
[Round "9"]
[White "Wiedermann, Daniel"]
[Black "Ebner, Johann"]
[Result "1-0"]
[WhiteElo "2162"]
[BlackElo "2055"]
[Annotator "B�hlerwerk : Niederabsdorf"]
[PlyCount "50"]
[EventDate "2008.11.10"]
[SourceDate "2009.02.15"]

1. d4 e6 2. c4 Nf6 3. Nc3 Bb4 4. f3 d5 5. a3 Bxc3+ 6. bxc3 c5 7. cxd5 Nxd5 8.
dxc5 Qa5 9. e4 Nc7 10. Qd4 O-O 11. Qb4 Nc6 12. Qxa5 Nxa5 13. Bf4 Na6 14. Bd6
Re8 15. Bb5 Nc6 16. Bxc6 bxc6 17. e5 Nb8 18. Ne2 Ba6 19. Nd4 Bc4 20. Rb1 f6 21.
f4 g5 22. exf6 gxf4 23. Rb7 e5 24. Nf5 Be6 25. Nh6+ Kh8 1-0

[Event "N�_LL 2008/09"]
[Site "?"]
[Date "2009.02.01"]
[Round "9"]
[White "Strobel, Ferdinand"]
[Black "Teuber, Andreas"]
[Result "1/2-1/2"]
[WhiteElo "2047"]
[BlackElo "2154"]
[Annotator "B�hlerwerk : Niederabsdorf"]
[PlyCount "26"]
[EventDate "2008.11.10"]
[SourceDate "2009.02.15"]

1. f4 d5 2. Nf3 g6 3. g3 Bg7 4. Bg2 Nf6 5. d3 O-O 6. O-O c5 7. c3 Nc6 8. Qc2
Qc7 9. e4 e6 10. Nbd2 b6 11. Re1 Bb7 12. Nf1 Rad8 13. Bd2 d4 1/2-1/2

[Event "N�_LL 2008/09"]
[Site "?"]
[Date "2009.02.15"]
[Round "9"]
[White "Rumpl, Erwin"]
[Black "Groetz, Harald"]
[Result "0-1"]
[WhiteElo "2271"]
[BlackElo "2364"]
[Annotator "Stockerau : Amstetten "]
[PlyCount "60"]
[EventDate "2009.02.15"]
[SourceDate "2009.02.15"]

1. Nf3 Nf6 2. d4 g6 3. c4 Bg7 4. Nc3 O-O 5. e4 d6 6. h3 e5 7. d5 a5 8. Bg5 Na6
9. g4 Nc5 10. Nd2 c6 11. Be2 Bd7 12. h4 Qc8 13. Rg1 cxd5 14. cxd5 b5 15. Bxf6
Bxf6 16. g5 b4 17. Nb5 Be7 18. a4 bxa3 19. bxa3 a4 20. Rb1 f5 21. f3 fxe4 22.
Nxe4 Nxe4 23. fxe4 Qc5 24. Rf1 Rxf1+ 25. Bxf1 Rf8 26. Qd2 Qg1 27. Qg2 Qe3+ 28.
Be2 Bxb5 29. Rxb5 Qc1+ 30. Bd1 Qc3+ 0-1

[Event "N�_LL 2008/09"]
[Site "?"]
[Date "2009.02.15"]
[Round "9"]
[White "Hangweyrer, Manfred"]
[Black "Sandhoefner, Florian"]
[Result "1/2-1/2"]
[WhiteElo "2323"]
[BlackElo "2244"]
[Annotator "Stockerau : Amstetten "]
[PlyCount "42"]
[EventDate "2009.??.??"]
[SourceDate "2009.02.15"]

1. Nf3 d5 2. g3 Nf6 3. Bg2 c6 4. c4 dxc4 5. Na3 e5 6. Nxc4 e4 7. Ng5 Bc5 8. O-O
Qd4 9. d3 exd3 10. exd3 Be7 11. Re1 Qd8 12. Qe2 h6 13. Nh3 Bg4 14. f3 Bxh3 15.
Bxh3 Nd5 16. Ne5 Bc5+ 17. Kg2 O-O 18. Bf5 Qf6 19. Qe4 Na6 20. d4 Bb6 21. Bd2
Nac7 1/2-1/2

[Event "N�_LL 2008/09"]
[Site "?"]
[Date "2009.02.15"]
[Round "9"]
[White "Wadsack, Wolfgang"]
[Black "Sadilek, Maximilian"]
[Result "0-1"]
[WhiteElo "2201"]
[BlackElo "2156"]
[Annotator "Stockerau : Amstetten "]
[PlyCount "122"]
[EventDate "2009.??.??"]
[SourceDate "2009.02.15"]

1. e4 c5 2. c3 e5 3. Nf3 Nc6 4. d4 cxd4 5. cxd4 exd4 6. Nxd4 Bb4+ 7. Nc3 Nf6 8.
Nxc6 dxc6 9. Qxd8+ Kxd8 10. Bg5 h6 11. O-O-O+ Ke7 12. Bh4 g5 13. Bg3 Be6 14. f3
Rhd8 15. a3 Bc5 16. Bd3 Rd7 17. Rhe1 Nh5 18. Bc2 Nxg3 19. hxg3 Bf2 20. Rh1 Bxg3
21. Rxd7+ Kxd7 22. Rxh6 Rd8 23. Rh1 Ke7 24. Ne2 Bf2 25. Rd1 Rh8 26. Nd4 Bxd4
27. Rxd4 Rh2 28. Rd2 Kf6 29. Kd1 Ke5 30. g3 Rh3 31. Rg2 Kd4 32. Kd2 Rh1 33. f4
g4 34. f5 Bc4 35. Bd1 Kxe4 36. Bxg4 Rb1 37. Kc3 Bd3 38. Be2 Rc1+ 39. Kb4 c5+
40. Kb3 c4+ 41. Kb4 b6 42. f6 Rc2 43. Bf1 a5+ 44. Kb5 Rc1 45. Be2 Re1 46. Bxd3+
cxd3 47. Kxb6 Re2 48. Rg1 Rxb2+ 49. Kxa5 d2 50. g4 Kd3 51. g5 Kc2 52. g6 fxg6
53. f7 Rb8 54. Rxg6 d1=Q 55. Rc6+ Kb2 56. Rb6+ Rxb6 57. f8=Q Rb3 58. Qh8+ Ka2
59. Qh2+ Rb2 60. Qc7 Qd5+ 61. Ka6 Qb5+ 0-1

[Event "N�_LL 2008/09"]
[Site "?"]
[Date "2009.02.15"]
[Round "9"]
[White "Schmid, Thomas"]
[Black "Bachmayer, Josef"]
[Result "1-0"]
[WhiteElo "2188"]
[BlackElo "2062"]
[Annotator "Stockerau : Amstetten "]
[PlyCount "60"]
[EventDate "2009.??.??"]
[SourceDate "2009.02.15"]

1. e4 g6 2. d4 Bg7 3. Nc3 c6 4. f4 d5 5. e5 Nh6 6. Nf3 O-O 7. h3 f6 8. g4 Be6
9. Be3 c5 10. exf6 exf6 11. Qd2 f5 12. g5 Nf7 13. dxc5 Nc6 14. Nd4 Re8 15.
O-O-O Qa5 16. Kb1 Bd7 17. Bf2 b6 18. Nb3 Bxc3 19. Qxc3 Qxc3 20. bxc3 Re4 21.
Bg2 Rxf4 22. Bg3 Ra4 23. Bxd5 Rf8 24. Rhe1 Kg7 25. Nd4 Nxd4 26. Rxd4 bxc5 27.
Rxa4 Bxa4 28. Re7 a6 29. Ra7 Be8 30. Be5+ Kg8 1-0

[Event "N�_LL 2008/09"]
[Site "?"]
[Date "2009.02.15"]
[Round "9"]
[White "Posch, Werner"]
[Black "Zojer, Stefan"]
[Result "1-0"]
[WhiteElo "2198"]
[BlackElo "2044"]
[Annotator "Wr.Neustadt : B.V�slau/Kottingbrunn"]
[PlyCount "81"]
[EventDate "2009.02.08"]
[SourceDate "2009.02.08"]

1. e4 c5 2. Nc3 Nc6 3. g3 Nf6 4. Bg2 e6 5. f4 d6 6. Nf3 h5 7. d3 Be7 8. h3 e5
9. O-O Bd7 10. Nd5 Qc8 11. fxe5 dxe5 12. Kh2 Ng8 13. Be3 Qd8 14. c3 Nf6 15.
Nxf6+ gxf6 16. d4 b6 17. Qe2 Qc7 18. dxc5 bxc5 19. Nh4 Na5 20. Nf5 Bf8 21. b4
cxb4 22. cxb4 Qc4 23. Qf2 Qxb4 24. Bd2 Qb6 25. Ne3 Bc5 26. Rab1 Bxe3 27. Bxe3
Qa6 28. Bc5 Rg8 29. Rfd1 Nc4 30. Bf1 Qe6 31. Rb7 Rd8 32. Rxa7 Rg5 33. Qe2 h4
34. g4 Bb5 35. a4 Ba6 36. Rxd8+ Kxd8 37. Rxa6 Qxa6 38. Qxc4 Qb7 39. Qd3+ Kc8
40. Qc3 Qxe4 41. Bd6+ 1-0

[Event "N�_LL 2008/09"]
[Site "?"]
[Date "2009.02.15"]
[Round "9"]
[White "Lampl, Gerald"]
[Black "Wiedner, Robert"]
[Result "1-0"]
[WhiteElo "2155"]
[BlackElo "2179"]
[Annotator "Wr.Neustadt : B.V�slau/Kottingbrunn"]
[PlyCount "61"]
[EventDate "2009.02.08"]
[SourceDate "2009.02.08"]

1. d4 Nf6 2. Nf3 b5 3. Nbd2 Bb7 4. e3 a6 5. a4 b4 6. a5 e6 7. Nb3 Ne4 8. Bd3
Bd6 9. h4 Qf6 10. Qe2 h6 11. Bd2 Bd5 12. O-O-O Qd8 13. Ne5 Nxd2 14. Nxd2 Bxe5
15. dxe5 Qe7 16. Qg4 O-O 17. Rh3 Kh8 18. Ne4 Nc6 19. f4 Rfb8 20. Qh5 Qf8 21.
Ng5 Nd8 22. Bg6 {Aua!} f6 {Noch mehr Aua!!} 23. Nf7+ Nxf7 24. Bxf7 fxe5 25.
fxe5 b3 26. c3 Rb5 27. Rd4 Rxa5 28. Kb1 Qb8 29. Qg6 d6 30. Bg8 Qxg8 31. Rg4 {
Rest vollkommen unverst�ndlich} 1-0

[Event "N�_LL 2008/09"]
[Site "?"]
[Date "2009.02.15"]
[Round "9"]
[White "Volkmann, Karl"]
[Black "Zojer, Thomas"]
[Result "1-0"]
[WhiteElo "2419"]
[BlackElo "2079"]
[Annotator "Wr.Neustadt : B.V�slau/Kottingbrunn"]
[PlyCount "65"]
[EventDate "2009.02.08"]
[SourceDate "2009.02.08"]

1. e4 e6 2. d4 d5 3. exd5 exd5 4. Nf3 Bd6 5. c4 Bb4+ 6. Nc3 Nf6 7. Bd3 O-O 8.
O-O Bg4 9. Qb3 Bxc3 10. bxc3 Bxf3 11. gxf3 b6 12. Re1 c6 13. a4 Nbd7 14. a5 Re8
15. Rxe8+ Qxe8 16. Kg2 Qb8 17. cxd5 Nxd5 18. Be4 Qd6 19. axb6 N7xb6 20. Ra6 Re8
21. Rxa7 Rxe4 22. fxe4 Qg6+ 23. Kf1 Qxe4 24. Be3 Qh1+ 25. Ke2 Qxh2 26. c4 Qb8
27. Ra6 Qb7 28. Ra1 Qc8 29. cxd5 c5 30. Qb5 h6 31. Ra6 Qc7 32. Qc6 Qd8 33. dxc5
1-0

[Event "N�_LL 2008/09"]
[Site "?"]
[Date "2009.02.15"]
[Round "9"]
[White "Kummer, Helmut"]
[Black "Schroll, Gerhard"]
[Result "1/2-1/2"]
[WhiteElo "2370"]
[BlackElo "2395"]
[Annotator "Wr.Neustadt : B.V�slau/Kottingbrunn"]
[PlyCount "70"]
[EventDate "2009.??.??"]

1. d4 f5 2. c4 Nf6 3. g3 g6 4. Bg2 Bg7 5. Nc3 O-O 6. Nh3 d6 7. Bg5 c6 8. O-O
Na6 9. d5 Bd7 10. Nf4 Nc5 11. Nd3 Nce4 12. Bxf6 Nxf6 13. c5 cxd5 14. Nxd5 Ne4
15. cxd6 exd6 16. N3f4 Kh8 17. h4 Re8 18. Rc1 Rc8 19. Qd3 Bxb2 20. Rxc8 Qxc8
21. Bxe4 Rxe4 22. Qd2 Bg7 23. Rc1 Bc6 24. Qa5 Qe8 25. e3 Re5 26. Qd2 a5 27.
Qxa5 Qg8 28. Rd1 Qb8 29. Qc7 Qxc7 30. Nxc7 Rc5 31. Nce6 Rc2 32. Nxg7 Kxg7 33.
Ne6+ Kf6 34. Nd4 Rc4 35. Nxc6 Rxc6 1/2-1/2

[Event "N�_LL 2008/09"]
[Site "?"]
[Date "2009.02.22"]
[Round "10"]
[White "Kummer, Helmut"]
[Black "Mahdy, Khaled"]
[Result "1-0"]
[WhiteElo "2370"]
[BlackElo "2388"]
[Annotator "Krems : B.V�slau/Kottingbrunn"]
[PlyCount "50"]
[EventDate "2008.11.10"]
[SourceDate "2009.02.28"]

1. d4 Nf6 2. c4 c5 3. d5 g6 4. Nc3 Bg7 5. e4 d6 6. Bd3 O-O 7. h3 e6 8. Nf3 exd5
9. exd5 Na6 10. O-O Nc7 11. a4 Re8 12. Bg5 h6 13. Be3 Na6 14. Rc1 Nb4 15. Bb1
a6 16. Qd2 g5 17. Rce1 Nh7 18. g4 f5 19. gxf5 Rf8 20. Nh2 Bxf5 21. Bxf5 Rxf5
22. f4 Qd7 23. fxg5 hxg5 24. Ng4 Raf8 25. Kg2 Nf6 {Rest nicht lesbar} 1-0

[Event "N�_LL 2008/09"]
[Site "?"]
[Date "2009.02.22"]
[Round "10"]
[White "Winiwarter, Felix"]
[Black "Zojer, Stefan"]
[Result "1-0"]
[WhiteElo "2189"]
[BlackElo "2044"]
[Annotator "Krems : B.V�slau/Kottingbrunn"]
[PlyCount "73"]
[EventDate "2008.11.10"]
[SourceDate "2009.02.28"]

1. e4 c5 2. Nf3 d6 3. d4 cxd4 4. Nxd4 Nf6 5. Nc3 a6 6. Be2 e6 7. O-O Be7 8. f4
Qc7 9. Kh1 Nc6 10. Be3 O-O 11. Qe1 Bd7 12. Qg3 Nxd4 13. Bxd4 Rfd8 14. e5 Ne8
15. f5 dxe5 16. Bxe5 Bd6 17. Bxd6 Qxd6 18. fxe6 Bxe6 19. Qh4 Qe5 20. Bd3 g6 21.
Rae1 Qg7 22. Qf4 Rd4 23. Re4 Rad8 24. Rxd4 Qxd4 25. Qg5 Rc8 26. h3 Qc5 27. Qh6
Qe5 28. Qh4 Nd6 29. Re1 Qc5 30. Qf6 Nf5 31. Ne4 Qd4 32. Qg5 Kg7 33. Rf1 h6 34.
Qf4 Qe3 35. Qe5+ Kf8 36. Kh2 Qd4 37. Rxf5 1-0

[Event "N�_LL 2008/09"]
[Site "?"]
[Date "2009.02.22"]
[Round "10"]
[White "Zojer, Thomas"]
[Black "W�ber, Friedrich"]
[Result "0-1"]
[WhiteElo "2079"]
[BlackElo "2131"]
[Annotator "Krems : B.V�slau/Kottingbrunn"]
[PlyCount "56"]
[EventDate "2008.11.10"]
[SourceDate "2009.02.28"]

1. d4 Nf6 2. Nf3 g6 3. c4 Bg7 4. Nc3 O-O 5. e4 d6 6. Be2 e5 7. d5 a5 8. O-O Na6
9. Ne1 Nc5 10. f3 Nh5 11. Nd3 Nxd3 12. Bxd3 f5 13. Be3 f4 14. Bf2 b6 15. a3 g5
16. Be2 Nf6 17. b4 axb4 18. axb4 Rxa1 19. Qxa1 g4 20. c5 bxc5 21. bxc5 g3 22.
hxg3 Nh5 23. Qe1 Qg5 24. gxf4 exf4 25. Bh4 Bd4+ 26. Kh2 Qh6 27. Nb5 Bxc5 28. g4
fxg3+ 0-1

[Event "N�_LL 2008/09"]
[Site "?"]
[Date "2009.02.22"]
[Round "10"]
[White "Gruszka, Herbert"]
[Black "Szvetits, Rene"]
[Result "0-1"]
[WhiteElo "1990"]
[BlackElo "2025"]
[Annotator "Krems : B.V�slau/Kottingbrunn"]
[PlyCount "112"]
[EventDate "2008.11.10"]
[SourceDate "2009.02.28"]

1. e4 c6 2. d4 d5 3. Nc3 dxe4 4. Nxe4 Bf5 5. Ng3 Bg6 6. h4 h6 7. Nf3 e6 8. h5
Bh7 9. Bd3 Bxd3 10. Qxd3 Nf6 11. Bd2 Nbd7 12. O-O-O Qc7 13. Kb1 O-O-O 14. Qe2
Bd6 15. Ne4 Nxe4 16. Qxe4 Nf6 17. Qe2 c5 18. dxc5 Bxc5 19. Bc3 Nd5 20. Be5 Qb6
21. Qc4 Rd7 22. Rd3 Rhd8 23. Rhd1 f6 24. Bg3 Qb4 25. Qxb4 Nxb4 26. Rxd7 Rxd7
27. Rxd7 Kxd7 28. a3 Nd5 29. c4 Ne7 30. b4 Bd6 31. Bxd6 Kxd6 32. Kc2 e5 33. Kc3
f5 34. a4 Ng8 35. Nh4 Ke6 36. c5 Nf6 37. Kc4 Nxh5 38. b5 g5 39. Nf3 Nf6 40. a5
Ne4 41. Ne1 h5 42. f3 Nf6 43. Nd3 h4 44. b6 axb6 45. cxb6 Kd6 46. Kb5 Nd7 47.
a6 bxa6+ 48. Kxa6 e4 49. fxe4 fxe4 50. Nf2 Ke5 51. b7 Nc5+ 52. Kb6 Nxb7 53.
Kxb7 e3 54. Nd3+ Ke4 55. Ne1 g4 56. Kc6 h3 0-1

[Event "N�-LL 2008/09"]
[Site "?"]
[Date "2009.02.22"]
[Round "10"]
[White "Schroll, Gerhard"]
[Black "Rumpl, Erwin"]
[Result "1/2-1/2"]
[WhiteElo "2395"]
[BlackElo "2281"]
[Annotator "Amstetten - Wr. Neustadt"]
[PlyCount "134"]
[EventDate "2009.02.22"]
[SourceDate "2009.02.22"]

1. c4 c6 2. e4 d5 3. cxd5 cxd5 4. exd5 Nf6 5. Bb5+ Nbd7 6. Nc3 g6 7. d4 Bg7 8.
d6 exd6 9. Qe2+ Kf8 10. Nf3 Nb6 11. O-O h6 12. Re1 Kg8 13. h3 a6 14. Bd3 Nbd5
15. Nxd5 Nxd5 16. Be4 Nf6 17. Bf4 Kh7 18. Bd3 Re8 19. Qd2 Be6 20. Qb4 Nd5 21.
Qxd6 Qxd6 22. Bxd6 Rad8 23. Ba3 Nb6 24. Be4 Nc4 25. Bxb7 Nxa3 26. bxa3 Bxd4 27.
Nxd4 Rxd4 28. Re3 a5 29. Rc1 Red8 30. Rc7 R8d7 31. Rxd7 Rxd7 32. Bc6 Rd1+ 33.
Kh2 Rd2 34. Kg3 Rxa2 35. a4 Rc2 36. Bb5 Rc5 37. Rd3 Bc4 38. Rd7 Kg7 39. Bxc4
Rxc4 40. Ra7 Rxa4 41. h4 h5 42. f3 Ra2 43. Ra6 a4 44. Kh2 a3 45. Kg3 Ra1 46.
Kh2 Kf8 47. Ra7 a2 48. Kg3 Ke8 49. Kh2 Kd8 50. Kg3 Kc8 51. Kh2 Kb8 52. Ra3 Kc7
53. Kg3 Kd6 54. Ra6+ Ke5 55. Ra5+ Kd4 56. Ra4+ Ke3 57. Re4+ Kd3 58. Ra4 Ke2 59.
Ra8 Kf1 60. Kh2 Kf2 61. Ra7 f6 62. Ra8 g5 63. hxg5 fxg5 64. Ra7 h4 65. Ra8 h3
66. gxh3 Kxf3 67. Rf8+ Ke4 1/2-1/2

[Event "N�-LL 2008/09"]
[Site "?"]
[Date "2009.02.22"]
[Round "10"]
[White "Sandhoefner, Florian"]
[Black "Steiner, Adam"]
[Result "1/2-1/2"]
[WhiteElo "2218"]
[BlackElo "2175"]
[Annotator "Amstetten - Wr. Neustadt"]
[PlyCount "46"]
[EventDate "2009.02.22"]
[SourceDate "2009.02.22"]

1. e4 c5 2. Nf3 d6 3. d4 cxd4 4. Nxd4 Nf6 5. Nc3 g6 6. Be3 Bg7 7. f3 Nc6 8. Qd2
O-O 9. O-O-O d5 10. exd5 Nxd5 11. Nxc6 bxc6 12. Bd4 Nxc3 13. Qxc3 Bh6+ 14. Be3
Bxe3+ 15. Qxe3 Qb6 16. Qxe7 Be6 17. Qa3 Rad8 18. Ba6 Qf2 19. g4 Rd5 20. Rxd5
Bxd5 21. Rf1 Qxh2 22. Qe3 Qc7 23. a3 Qb6 1/2-1/2

[Event "N� - LL 2008/09"]
[Site "?"]
[Date "2009.02.22"]
[Round "10"]
[White "Sadilek, Maximilian"]
[Black "Schwarhofer, Christopher"]
[Result "1/2-1/2"]
[WhiteElo "2214"]
[BlackElo "2255"]
[Annotator "Niederabsdorf : Stockerau"]
[PlyCount "76"]
[EventDate "2009.??.??"]
[SourceDate "2009.02.24"]

1. e4 c5 2. Nc3 Nc6 3. Bb5 g6 4. Bxc6 bxc6 5. f4 Bg7 6. Nf3 d5 7. d3 Rb8 8. O-O
Bd4+ 9. Nxd4 cxd4 10. Ne2 dxe4 11. dxe4 c5 12. f5 Ba6 13. Rf2 Nf6 14. Ng3 Nd7
15. b3 Ne5 16. Bf4 Qd6 17. Nf1 Qf6 18. Nd2 Rd8 19. Bg3 g5 20. Qh5 d3 21. c3 Rg8
22. Re1 Qg7 23. c4 Bb7 24. Qd1 h5 25. Qxh5 g4 26. f6 Qg5 27. Rf5 Qxd2 28. Rxe5
Rd7 29. fxe7 Rd6 30. Qf5 Qc3 31. Rxc5 d2 32. Rc8+ Bxc8 33. Qxc8+ Kxe7 34. Bxd6+
Kxd6 35. c5+ Ke7 36. Qc7+ Kf8 37. Qd6+ Kg7 38. Rf1 Qe3+ 1/2-1/2

[Event "N� - LL 2008/09"]
[Site "?"]
[Date "2009.02.22"]
[Round "10"]
[White "Wiedermann, Daniel"]
[Black "Schmid, Thomas"]
[Result "1-0"]
[WhiteElo "2129"]
[BlackElo "2159"]
[Annotator "Niederabsdorf : Stockerau"]
[PlyCount "55"]
[EventDate "2009.??.??"]
[SourceDate "2009.02.24"]

1. d4 Nf6 2. c4 g6 3. Nc3 Bg7 4. e4 d6 5. f3 O-O 6. Bg5 a6 7. Qd2 Nc6 8. Nge2
Rb8 9. h4 h5 10. Nd5 b5 11. cxb5 axb5 12. Rc1 Bd7 13. g4 hxg4 14. Bxf6 Bxf6 15.
Nxf6+ exf6 16. fxg4 Re8 17. Bg2 d5 18. Qh6 Nb4 19. Nf4 Re7 20. g5 Rb6 21. a3
Na6 22. Nxd5 Ree6 23. h5 Qf8 24. Qxf8+ Kxf8 25. Nxb6 cxb6 26. hxg6 fxg6 27.
gxf6 Bc6 28. O-O 1-0

[Event "N� - LL N�-LL 2008/09"]
[Site "?"]
[Date "2009.02.22"]
[Round "10"]
[White "Gr�tz, Harald"]
[Black "Kleiser, Gregor"]
[Result "1/2-1/2"]
[WhiteElo "2334"]
[BlackElo "2284"]
[Annotator "Niederabsdorf : Stockerau"]
[PlyCount "31"]
[EventDate "2009.??.??"]
[SourceDate "2009.02.24"]

1. e4 c5 2. Nf3 Nc6 3. d4 cxd4 4. Nxd4 Nf6 5. Nc3 e5 6. Ndb5 d6 7. Bg5 a6 8.
Na3 b5 9. Nd5 Be7 10. Bxf6 Bxf6 11. c3 Rb8 12. Nc2 Bg5 13. Be2 a5 14. b4 O-O
15. O-O axb4 16. Ncxb4 1/2-1/2

[Event "N� - LL 2008/09"]
[Site "?"]
[Date "2009.02.22"]
[Round "10"]
[White "Hansen, Kay"]
[Black "Hangweyrer, Manfred"]
[Result "1/2-1/2"]
[WhiteElo "2243"]
[BlackElo "2357"]
[Annotator "Niederabsdorf : Stockerau"]
[PlyCount "36"]
[EventDate "2009.??.??"]
[SourceDate "2009.02.24"]

1. d4 Nf6 2. Nf3 g6 3. c4 Bg7 4. Nc3 O-O 5. e4 d6 6. Be2 Na6 7. O-O e5 8. Be3
Ng4 9. Bg5 Qe8 10. dxe5 dxe5 11. h3 Nf6 12. Be3 b6 13. a3 Bb7 14. Qc2 Nc5 15.
Bxc5 bxc5 16. Nd5 Rd8 17. Rad1 c6 18. Nxf6+ Bxf6 1/2-1/2

[Event "N�_LL 2008/09"]
[Site "?"]
[Date "2009.02.22"]
[Round "10"]
[White "Hellmayr, Alois"]
[Black "Baumegger, Siegfried"]
[Result "0-1"]
[WhiteElo "2306"]
[BlackElo "2435"]
[Annotator "Baden : B�hlerwerk"]
[PlyCount "94"]
[EventDate "2008.11.10"]
[SourceDate "2009.02.28"]

1. d4 e6 2. Nf3 f5 3. c3 Nf6 4. Bg5 Be7 5. Nbd2 O-O 6. Bxf6 Bxf6 7. e4 d5 8.
exf5 exf5 9. Bd3 Re8+ 10. Kf1 Nc6 11. h4 Qd6 12. Ng5 g6 13. Ndf3 h6 14. Nh3 Bd7
15. Qd2 Kg7 16. Nf4 Re4 17. g3 Rae8 18. Kg2 a5 19. Rae1 a4 20. Bxe4 fxe4 21.
Nh2 Ne7 22. Nh3 Nf5 23. Nf1 Bxh4 24. Qf4 Be7 25. Qxd6 Bxd6 26. Ne3 Nxe3+ 27.
Rxe3 Bg4 28. Rhe1 g5 29. Ng1 c5 30. f3 Bf5 31. Ne2 exf3+ 32. Kxf3 Be4+ 33. Kf2
c4 34. a3 Re6 35. Kg1 Bc7 36. Nc1 h5 37. Na2 h4 38. g4 Bg3 39. Rf1 Bf4 40. Re2
h3 41. Nb4 Rh6 42. Ref2 Rh4 43. Rxf4 gxf4 44. Kh2 Kg6 45. Re1 Rh8 46. Re2 f3
47. Rf2 Kg5 0-1

[Event "N�_LL 2008/09"]
[Site "?"]
[Date "2009.02.22"]
[Round "10"]
[White "Bawart, Markus"]
[Black "Heimberger, Reinhard"]
[Result "1-0"]
[WhiteElo "2349"]
[BlackElo "2219"]
[Annotator "Baden : B�hlerwerk"]
[PlyCount "45"]
[EventDate "2008.11.10"]
[SourceDate "2009.02.28"]

1. Nf3 d5 2. d3 g6 3. c4 dxc4 4. Qa4+ c6 5. Qxc4 Bg7 6. Nc3 Nf6 7. h3 O-O 8.
Qh4 Re8 9. Bh6 Bh8 10. e4 Qa5 11. e5 Nd5 12. Bd2 Qb4 13. d4 Qxb2 14. Rb1 Qc2
15. Rc1 Qb2 16. Ng5 h5 17. Bc4 Nd7 18. Nxd5 cxd5 19. Bxd5 e6 20. Qf4 Nxe5 21.
dxe5 f6 22. Bc3 Qb5 23. Bc4 1-0

[Event "N�_LL 2008/09"]
[Site "?"]
[Date "2009.02.22"]
[Round "10"]
[White "Strobel, Ferdinand"]
[Black "Berbati, Kadri"]
[Result "1/2-1/2"]
[WhiteElo "2047"]
[BlackElo "2007"]
[Annotator "Baden : B�hlerwerk"]
[PlyCount "103"]
[EventDate "2008.11.10"]
[SourceDate "2009.02.28"]

1. f4 d5 2. Nf3 c5 3. g3 Nc6 4. Bg2 Nf6 5. d3 g6 6. O-O Bg7 7. Nc3 O-O 8. e4
dxe4 9. dxe4 Qb6 10. h3 Nd4 11. e5 Rd8 12. exf6 Bxf6 13. Ne4 Nb3 14. Nxf6+ exf6
15. Qxd8+ Qxd8 16. cxb3 Be6 17. Be3 Rc8 18. Rfd1 Qe7 19. Bf2 h5 20. Re1 Qc7 21.
Nd2 b6 22. Ne4 Kg7 23. Rad1 a6 24. h4 Rd8 25. Nc3 Bg4 26. Rxd8 Qxd8 27. Nd5 Qd6
28. Re3 Bf5 29. Rc3 a5 30. a3 Kh6 31. Re3 Kg7 32. Be1 Be6 33. Bc3 Bxd5 34. Rd3
Qe6 35. Rxd5 Qe7 36. Kh2 Kh7 37. Bf3 Kg7 38. Kg2 Kh7 39. Kf2 Kg7 40. f5 Kh7 41.
Rd2 Kh6 42. fxg6 Kxg6 43. Re2 Qc7 44. Be4+ f5 45. Bc2 f6 46. Re3 b5 47. Rf3 c4
48. Rxf5 Qa7+ 49. Kf1 Kg7 50. Rxf6 Kg8 51. Rf3 a4 52. bxa4 1/2-1/2

[Event "N�_LL 2008/09"]
[Site "?"]
[Date "2009.02.22"]
[Round "10"]
[White "Rudolf, Herbert"]
[Black "Ebner, Johann"]
[Result "1/2-1/2"]
[WhiteElo "2097"]
[BlackElo "2055"]
[Annotator "Baden : B�hlerwerk"]
[PlyCount "26"]
[EventDate "2008.11.10"]
[SourceDate "2009.02.28"]

1. e4 e6 2. d4 d5 3. Nc3 Nf6 4. e5 Nfd7 5. f4 c5 6. Nf3 Nc6 7. Be3 a6 8. Qd2 b5
9. Be2 Qb6 10. Nd1 a5 11. c3 Ba6 12. O-O b4 13. Bxa6 Qxa6 1/2-1/2

[Event "N�_LL 2008/09"]
[Site "?"]
[Date "2009.02.22"]
[Round "10"]
[White "Vykydal, Frantisek"]
[Black "Neumeier, Klaus"]
[Result "0-1"]
[WhiteElo "2242"]
[BlackElo "2268"]
[Annotator "Zwettl : St.P�lten"]
[PlyCount "34"]
[EventDate "2008.11.10"]
[SourceDate "2009.03.01"]

1. e4 c5 2. Nc3 Nc6 3. g3 g6 4. Bg2 Bg7 5. d3 e6 6. Be3 d6 7. Qd2 Nf6 8. h3 O-O
9. Nge2 Bd7 10. O-O Rc8 11. f4 Qe7 12. g4 d5 13. Bf2 d4 14. Nd1 e5 15. Bh4 Qd6
16. Bg3 exf4 17. Bxf4 Ne5 {Rest nicht lesbar} 0-1

[Event "N�_LL 2008/09"]
[Site "?"]
[Date "2009.02.22"]
[Round "10"]
[White "Denk, Adolf"]
[Black "Zwettler, Martin"]
[Result "1/2-1/2"]
[WhiteElo "2224"]
[BlackElo "2145"]
[Annotator "Zwettl : St.P�lten"]
[PlyCount "39"]
[EventDate "2008.11.10"]
[SourceDate "2009.03.01"]

1. c4 g6 2. Nc3 Bg7 3. g3 e5 4. Nf3 d6 5. d3 f5 6. Bg2 Nf6 7. O-O O-O 8. Re1 a5
9. a3 Nh5 10. Ng5 c6 11. Bd2 h6 12. Nh3 f4 13. Kh1 Be6 14. Ng1 g5 15. Ne4 Na6
16. b4 axb4 17. axb4 d5 18. cxd5 cxd5 19. b5 dxe4 20. bxa6 {Rest nicht lesbar}
1/2-1/2

[Event "N�_LL 2008/09"]
[Site "?"]
[Date "2009.02.22"]
[Round "10"]
[White "Janetschek, Karl"]
[Black "R�hrl, Karl"]
[Result "1/2-1/2"]
[WhiteElo "2244"]
[BlackElo "2218"]
[Annotator "Zwettl : St.P�lten"]
[PlyCount "30"]
[EventDate "2008.11.10"]
[SourceDate "2009.03.01"]

1. e4 c5 2. Nf3 e6 3. d4 cxd4 4. Nxd4 a6 5. Nc3 Qc7 6. Be2 Nf6 7. O-O d6 8. Be3
Nbd7 9. a4 b6 10. f4 Bb7 11. Bf3 Be7 12. Qe1 O-O 13. Qg3 Nc5 14. f5 e5 15. Bh6
Ne8 1/2-1/2

[Event "N�_LL 2008/09"]
[Site "?"]
[Date "2009.02.22"]
[Round "10"]
[White "Penz, Harald"]
[Black "Trkulja, Zoran"]
[Result "1-0"]
[WhiteElo "2323"]
[BlackElo "2211"]
[Annotator "Bisamberg/Korneuburg : Mauerbach"]
[PlyCount "115"]
[EventDate "2008.11.10"]
[SourceDate "2009.03.01"]

1. e4 c6 2. Nf3 g6 3. Nc3 Bg7 4. d4 d5 5. Be3 dxe4 6. Nxe4 Nf6 7. Nxf6+ exf6 8.
Bc4 O-O 9. O-O Nd7 10. Bb3 Nb6 11. Qd2 Bg4 12. Ne1 Nd5 13. Nd3 Nxe3 14. fxe3
Qe7 15. Rae1 Rad8 16. c3 Be6 17. Bxe6 Qxe6 18. Nc5 Qe7 19. Qc2 b6 20. Nd3 f5
21. Re2 Rfe8 22. Rfe1 c5 23. Nf2 Qc7 24. Rd1 Bh6 25. Qd3 c4 26. Qd2 Re6 27. Qe1
Rde8 28. e4 fxe4 29. d5 Re5 30. Ng4 Bg7 31. Nxe5 Qxe5 32. d6 f5 33. Qd2 Rd8 34.
d7 Qc5+ 35. Kf1 Qe7 36. Qd5+ Kh8 37. Qxc4 Be5 38. g3 Kg7 39. Qd5 h5 40. Kg2 h4
41. g4 h3+ 42. Kh1 Qc5 43. Qxc5 bxc5 44. gxf5 gxf5 45. Re3 Kf6 46. Rxh3 f4 47.
Kg2 Bc7 48. Rh6+ Ke7 49. Rd5 Rg8+ 50. Kf2 f3 51. Rh4 Rg2+ 52. Kf1 Re2 53. Rh7+
Ke6 54. d8=Q Bxd8 55. Rxd8 e3 56. Re8+ Kd6 57. Rf7 Rf2+ 58. Ke1 1-0